| 000 | 00720nam a2200253Ia 4500 | ||
|---|---|---|---|
| 003 | OSt | ||
| 005 | 20220928102839.0 | ||
| 006 | a|||||r|||| 00| 0 | ||
| 007 | ta | ||
| 008 | 220927b |||||||| |||| 00| 0 hin d | ||
| 020 | _cIndian Rupees 250 | ||
| 024 | _a145586 | ||
| 037 |
_bGift, 18/10/2021, _cTextual |
||
| 040 |
_aSDCL _cSDCL _bhin |
||
| 041 |
_2hin _ahin |
||
| 082 | _aY5:44, Q1.1 | ||
| 100 |
_aDhissa Lal Chand _9400773 |
||
| 245 | 0 | _aSamvidhan ke samajik anyay (Khand-1) | |
| 260 |
_aDelhi _bJanjatiya Dalit Sungh India _c2011 |
||
| 300 |
_a184p. _ccm. |
||
| 650 |
_aGift _9391569 |
||
| 942 |
_hY5:44, Q1.1 _cTEXL _2CC |
||
| 999 |
_c716667 _d716667 |
||